000 01062cam a2200325 a 4500
001 12012814
003 OSt
005 20140310181645.0
008 000518s1995 nyu c 000 1 eng
010 _a 00267238
020 _a0440414121
040 _aDLC
_cDLC
_dDLC
050 0 0 _aPZ 7
_b.C978 1995
082 0 0 _aKF
_bC94w 1995
100 1 _aCurtis, Christopher Paul.
_95556
245 1 4 _aThe Watsons go to Birmingham--1963 /
_cChristopher Paul Curtis
260 _aNew York :
_bBantam Doubleday Dell Books for Young Readers,
_cc1995.
300 _a210 p.
_c22 cm.
541 _j1
562 _e1
650 0 _aAfrican Americans
_vJuvenile fiction.
_96158
650 1 _aAfrican Americans
_vFiction.
_96159
650 1 _aFamily life
_vFiction.
_96160
650 1 _aPrejudices
_vFiction.
_96161
650 1 _aBrothers and sisters
_vFiction.
_96162
651 1 _aFlint (Mich.)
_vFiction.
_96163
906 _a7
_bcbc
_corigcop
_d3
_encip
_f20
_gy-gencatlg
942 _2lcc
_cBK-KF
_kKF
999 _c873
_d873